LEADER 01349nam a2200265 4500 001 000000346850 003 CaOOAMICUS 005 20220609160512.0 008 210630s2009 it a 000 u ita r 020 $a978-88-8271-002-6 040 $aSeMil$bita 245 00$a2.2: I pittori quattrocentisti /$cpresentazione card. Giovanni Lajolo ; introduzione Antonio Paolucci ; a cura di Roberto Zagnoli. 264 3$aCittą del Vaticano :$bMusei vaticani ;$aMilano :$bIl Sole 24 ORE,$c2009. 300 $a142 p. :$bill. ;$c26x26 cm 700 1 $aPaolucci, Antonio,$d<1939-2024>.$0(OLS)http://semarc/name/92484 700 1 $aZagnoli, Roberto.$0(OLS)http://semarc/name/114218 700 1 $aLajolo, Giovanni,$c.$0(OLS)http://semarc/name/20094 773 0 $tParola dipinta.$dCittą del Vaticano : Musei vaticani ; Milano : Il Sole 24 ORE, 2009.$g2.2$w()346848 850 $aSeMil 852 $aSeMil$W1$xVenegono$y1$m5E VII 6/3$j227893$B238368$CSeMilBibl$Z2$F238368 $81 996 $6020$a978-88-8271-002-6$9(OLS)http://semarc/number/295969 996 $6245$a2.2: I pittori quattrocentisti$9(OLS)http://semarc/title/436074 996 $6264$aCittą del Vaticano :$bMusei vaticani$9(OLS)http://semarc/publisher/34911 996 $6264$aMilano :$bIl Sole 24 ORE$9(OLS)http://semarc/publisher/32564 LEADER 01332nam a2200265 4500 001 000000353958 003 CaOOAMICUS 005 20230524110343.0 008 230524s2019 it a 000 u ita r 020 $a978-88-382-4870-2 040 $aSeMil$bita 100 1 $aPersico, Alessandro Angelo,$d<1980- >.$0(OLS)http://semarc/name/33130 245 10$aConsul Dei :$bAdriano Bernareggi (1884-1953) : Chiesa e societą nell'Italia del Novecento /$cAlessandro Angelo Persico. 264 1$aRoma :$bStudium,$c2019. 300 $a3 v. :$bill. ;$c25 cm 500 $aIn custodia 600 14$aBernareggi, Adriano .$0(OLS)http://semarc/subject/11668 710 0 $aFondazione Papa Giovanni XXIII.$0(OLS)http://semarc/name/4014 774 0 $t[1: Sacerdozio e cultura (1884-1931)].$dRoma : Studium, 2019.$w()353960 774 0 $t[2: Chiesa e societą di massa (1932-1942)].$dRoma : Studium, 2019.$w()353961 774 0 $t[3: Missione e riforma della Chiesa (1943-1953)].$dRoma : Studium, 2019.$w()353962 996 $6020$a978-88-382-4870-2$9(OLS)http://semarc/number/298245 996 $6245$aConsul Dei :$bAdriano Bernareggi (1884-1953) : Chiesa e societą nell'Italia del Novecento$9(OLS)http://semarc/title/444103 996 $6264$aRoma :$bStudium$9(OLS)http://semarc/publisher/29617